Particulars of a valuable and highly desirable collegehold enclosed dairy & arable farm, situate at Salford, in the county of Bedford, to be sold by auction by S. Goodman on Wednesday the 24th day of November 1830 (Record no. 116709)

MARC details
000 -LEADER
fixed length control field 00770cam a22002055a 4500
001 - CONTROL NUMBER
control field L141336
008 - FIXED-LENGTH DATA ELEMENTS--GENERAL INFORMATION
fixed length control field 071116s1830 xxk eng u
035 ## - SYSTEM CONTROL NUMBER
System control number (Sirsi) u141336
041 0# - LANGUAGE CODE
Language code of text/sound track or separate title eng
100 1# - MAIN ENTRY--PERSONAL NAME
Personal name Goodman, S.
245 00 - TITLE STATEMENT
Title Particulars of a valuable and highly desirable collegehold enclosed dairy & arable farm, situate at Salford, in the county of Bedford, to be sold by auction by S. Goodman on Wednesday the 24th day of November 1830
260 ## - PUBLICATION, DISTRIBUTION, ETC.
Place of publication, distribution, etc. [Bedfordshire?]
Name of publisher, distributor, etc. s.n.
Date of publication, distribution, etc. [1830]
300 ## - PHYSICAL DESCRIPTION
Extent 3 p.
Dimensions 34 cm.
340 ## - PHYSICAL MEDIUM
Material base and configuration Printed
351 ## - ORGANIZATION AND ARRANGEMENT OF MATERIALS
Hierarchical level Single item
500 ## - GENERAL NOTE
General note Item is in a fragile condition and is in three pieces
651 4# - SUBJECT ADDED ENTRY--GEOGRAPHIC NAME
Geographic name Bedfordshire
690 ## - LOCAL SUBJECT ADDED ENTRY--TOPICAL TERM (OCLC, RLIN)
Topical term or geographic name as entry element PROPERTY ACQUISITION AND DISPOSAL-ACQUISITION AND DISPOSAL AT AUCTION
942 ## - ADDED ENTRY ELEMENTS (KOHA)
Suppress in OPAC 0
Holdings
Withdrawn status Lost status Source of classification or shelving scheme Damaged status Not for loan Home library Current library Shelving location Date acquired Total Checkouts Full call number Barcode Date last seen Copy number Price effective from Koha item type
    Dewey Decimal Classification     London London Basement 16/11/2007   BASEMENT BOX 4 141336-1001 06/08/2019 1 06/08/2019 Archive